=LDR 00000nam 2200000 4500 =001 001082 =005 20250713093644 =035 ##$$a 0010-0725000963 =007 ta =008 250713################a##########0#ind## =020 ##$$a 978-623-307-341-7 =082 ##$$a 398.209 598 =084 ##$$a 398.209 598 KIR b =100 #$$a Kiran kasturia =245 1#$$a Bhema si penidur /$c Kiran kasturia =250 ##$$a Cetakan pertama =260 ##$$a Rawamangun :$b Badan pengembangan dan pembinaan bahasa,$c 2022 =300 ##$$a 20hlm. : $b Ilus. ; $c 29cm =650 #4$$a Cerita anak indonesia-terjemahan